| 000 | 00000nam 2200000zi 4500 |
| 001 | 9.933169 |
| 003 | CaOODSP |
| 005 | 20250307102323 |
| 006 | m o d f |
| 007 | cr mn||||||||| |
| 008 | 240130e196511##oncab ob f000 0 eng d |
| 040 | |aCaOODSP|beng|erda|cCaOODSP |
| 043 | |an-cn---|aln----- |
| 086 | 1 |aFs52-2/846E-PDF |
| 100 | 1 |aMansfield, A. W. |q(Arthur Walter), |d1926- |eauthor. |
| 245 | 14|aThe grey seal Halichoerus grypus (Fabricius) in eastern Canadian waters / |cA.W. Mansfield. |
| 264 | 1|a[Ottawa] : |bFisheries Research Board of Canada, |cNovember 5, 1965. |
| 300 | |a1 online resource (17 pages, 8 unnumbered pages) : |billustrations, maps. |
| 336 | |atext|btxt|2rdacontent |
| 337 | |acomputer|bc|2rdamedia |
| 338 | |aonline resource|bcr|2rdacarrier |
| 490 | 1 |aManuscript report series (biological) ; |vno. 846 |
| 500 | |a"Establishment, Arctic Biological Station, Ste. Anne de Bellevue, P.Q." |
| 500 | |a"Dated November 5, 1965." |
| 500 | |aDigitized edition from print [produced by Department of Fisheries and Oceans]. |
| 504 | |aIncludes bibliographic references (pages 15-17). |
| 650 | 0|aGray seal|zAtlantic Coast (Canada) |
| 650 | 0|aSeal populations|zAtlantic Coast (Canada) |
| 650 | 0|aGray seal|xEnvironmental aspects|zAtlantic Coast (Canada) |
| 650 | 0|aGray seal|xControl|zAtlantic Coast (Canada) |
| 650 | 6|aPhoque gris|zAtlantique, Côte de l' (Canada) |
| 650 | 6|aPhoques|xPopulations|zAtlantique, Côte de l' (Canada) |
| 650 | 6|aPhoque gris|xAspect de l'environnement|zAtlantique, Côte de l' (Canada) |
| 650 | 6|aPhoque gris|xLutte contre|zAtlantique, Côte de l' (Canada) |
| 710 | 2 |aFisheries Research Board of Canada, |eissuing body. |
| 710 | 2 |aArctic Biological Station, |eissuing body. |
| 830 | #0|aManuscript report series (biological)|vno. 846|w(CaOODSP)9.812823 |
| 856 | 40|qPDF|s1.07 MB|uhttps://publications.gc.ca/collections/collection_2024/mpo-dfo/Fs52-2-846-eng.pdf |